00358 a2200121 4500001000900000005001700009008004100026245003100067100002300098700002100121773007700142999001700219ART_207320260410161722.0260409a 10aAdministrar para el futuro1 aBuzell, Roberto D.1 aChussil, Mark J.0 tAdministración de empresasg- Año XVII, Nº 201 (dic. 1986)wREV2036 c17090d17090